[Event "Amsterdam Science Park op-A"]
[Site "Amsterdam"]
[Date "2018.07.08"]
[Round "2"]
[White "Frans, Richard"]
[Black "Elgersma, Onno"]
[Result "0-1"]
[WhiteElo "2001"]
[BlackElo "2150"]
[PlyCount "44"]
[EventDate "2018.07.07"]
[EventType "swiss"]
[EventRounds "9"]
[EventCountry "NED"]
[SourceTitle "CBM 185 Extra"]
[Source "ChessBase"]
[SourceDate "2018.07.29"]
[SourceVersion "1"]
[SourceVersionDate "2018.07.29"]
[SourceQuality "1"]

1. e4 e6 2. d4 d5 3. e5 c5 4. c3 Nc6 5. Nf3 Bd7 6. Be2 f6 7. Bf4 Qb6 8. Qd2 cxd4 9. cxd4 g5 10. exf6 gxf4 11. Qxf4 0-0-0 12. 0-0 Qxb2 13. f7 Qxa1 14. fxg8Q Rxg8 15. Qd2 Bb4 16. Qc2 Kb8 17. Rd1 Rg4 18. a3 Ba5 19. Qa4 Qb2 20. Nbd2 Nxd4 21. Qxa5 Nxe2+ 22. Kf1 b6 0-1

[Event "Haarlem Nova College op 15th"]
[Site "Haarlem"]
[Date "2017.06.30"]
[Round "1"]
[White "Werle, Jan"]
[Black "Frans, Richard"]
[Result "1-0"]
[WhiteElo "2527"]
[BlackElo "1971"]
[PlyCount "53"]
[EventDate "2017.06.30"]
[EventType "swiss"]
[EventRounds "6"]
[EventCountry "NED"]
[SourceTitle "CBM 179 Extra"]
[Source "ChessBase"]
[SourceDate "2017.08.23"]
[SourceVersion "1"]
[SourceVersionDate "2017.08.23"]
[SourceQuality "1"]

1. d4 f5 2. Nf3 Nf6 3. g3 g6 4. Bg2 Bg7 5. c4 0-0 6. Nc3 d6 7. 0-0 c6 8. Rb1 a5 9. a3 Qc7 10. d5 e5 11. dxe6 Bxe6 12. Bf4 Rd8 13. c5 Ne8 14. Ng5 Qe7 15. Nd5 cxd5 16. Nxe6 Rd7 17. Bxd5 Kh8 18. cxd6 Nxd6 19. Nxg7 Qxg7 20. Be6 Rd8 21. Bxd6 Ra6 22. Bxb8 Rxd1 23. Rfxd1 Qf6 24. Rd8+ Kg7 25. Rg8+ Kh6 26. Bf4+ Kh5 27. Bd5 1-0